000
00327nam a2200109Ia 4500
008
160609s9999 xx 000 0 und d
245
_a
Digital photography for beginners
245
_c
By:Learn2succeed.com Incorporated
260
_c
2012
650
_x
DIGITAL PHOTOGRAPHY
856
_u
http://file.ebook777.com/011/B013K12XYG.pdf
999
_c
295746
_d
295746